[Event "Rottach Egern Seniors Cup 12th"]
[Site "Rottach Egern"]
[Date "2024.04.08"]
[Round "3"]
[White "Kuempers, Ulrich"]
[Black "Dachrodt, Heinz Guenther"]
[Result "1/2-1/2"]
[WhiteElo "2005"]
[BlackElo "1803"]
[PlyCount "29"]
[EventDate "2024.04.06"]
[EventType "swiss"]
[EventRounds "9"]
[EventCountry "GER"]
[SourceTitle "CB16_2024"]
[SourceDate "2024.04.17"]
[SourceVersion "1"]
[SourceVersionDate "2024.04.17"]
[SourceQuality "1"]

1. d4 d5 2. c4 e6 3. Nc3 Nf6 4. Bg5 Be7 5. e3 h6 6. Bf4 0-0 7. Nf3 c6 8. Qc2 Bb4 9. Bd3 dxc4 10. Bxc4 Bxc3+ 11. bxc3 Nd5 12. Bg3 Qa5 13. Bb3 Qxc3+ 14. Qxc3 Nxc3 15. Rc1 1/2-1/2

[Event "Hessen-ch Seniors op 11th"]
[Site "Bad Sooden-Allendorf"]
[Date "2015.05.14"]
[Round "6"]
[White "Dachrodt, Heinz Guenther"]
[Black "Rother, Wilfried"]
[Result "1/2-1/2"]
[WhiteElo "1614"]
[BlackElo "1743"]
[PlyCount "45"]
[EventDate "2015.05.09"]
[EventType "swiss"]
[EventRounds "9"]
[EventCountry "GER"]
[SourceTitle "EXT 2018"]
[Source "ChessBase"]
[SourceDate "2017.10.13"]
[SourceVersion "1"]
[SourceVersionDate "2017.10.13"]
[SourceQuality "1"]

1. e4 d6 2. d4 Nf6 3. Nc3 a6 4. Bg5 b5 5. e5 dxe5 6. dxe5 Qxd1+ 7. Nxd1 Ne4 8. Be3 e6 9. Bd3 Bb7 10. f3 Nc5 11. Nf2 Nbd7 12. Bf4 Na4 13. b3 Nc3 14. Ne2 Nxe2 15. Kxe2 Bb4 16. c4 Bc3 17. Rac1 b4 18. Ne4 Bxe5 19. Bxe5 Nxe5 20. Nc5 Bc6 21. Rhd1 Ke7 22. Be4 Bxe4 23. Nxe4 1/2-1/2

[Event "Hessen-ch Seniors op 11th"]
[Site "Bad Sooden-Allendorf"]
[Date "2015.05.09"]
[Round "1"]
[White "Skorna, Ullrich"]
[Black "Dachrodt, Heinz Guenther"]
[Result "1-0"]
[WhiteElo "2095"]
[BlackElo "1614"]
[PlyCount "53"]
[EventDate "2015.05.09"]
[EventType "swiss"]
[EventRounds "9"]
[EventCountry "GER"]
[SourceTitle "EXT 2018"]
[Source "ChessBase"]
[SourceDate "2017.10.13"]
[SourceVersion "1"]
[SourceVersionDate "2017.10.13"]
[SourceQuality "1"]

1. e4 c5 2. b3 Nc6 3. Bb2 d6 4. Bb5 Bd7 5. Ne2 a6 6. Bxc6 Bxc6 7. d3 e6 8. 0-0 Nf6 9. Nd2 g6 10. f4 Bg7 11. Nf3 0-0 12. Qe1 Nh5 13. Bxg7 Nxg7 14. Qc3 Qe7 15. Rae1 d5 16. Ne5 Be8 17. exd5 exd5 18. Ng4 d4 19. Qa5 b6 20. Qxb6 Qa7 21. Nf6+ Kh8 22. Qd6 Bb5 23. a4 Nf5 24. Qe5 Qb8 25. Qxb8 Raxb8 26. axb5 Ne3 27. Nd7 1-0